Statistics for Top 25 NFL Players 2022

Click here to take the quiz!

General Stats

  • This quiz has been taken 27 times
  • The average score is 16 of 25

Answer Stats

HintAnswer% Correct
QBPatrick Mahomes
100%
DTAaron Donald
83%
QBAaron Rodgers
83%
QBTom Brady
83%
CBJalen Ramsey
78%
QBJosh Allen
78%
WRJustin Jefferson
78%
TETravis Kelce
78%
WRDavante Adams
74%
RBDerrick Henry
74%
QBJoe Burrow
74%
LBT.J. Watt
74%
WRTyreek Hill
74%
TEGeorge Kittle
70%
WRJa'Marr Chase
70%
WRCooper Kupp
65%
RBJonathan Taylor
65%
CBTrevon Diggs
61%
DENick Bosa
57%
CBJ.C. Jackson
43%
LBMicah Parsons
43%
WRDeebo Samuel
39%
LTTrent Williams
39%
DEMyles Garrett
35%
LBShaquille Leonard
13%

Score Distribution

Percentile by Number Answered

Percent of People with Each Score

Your Score History

You have not taken this quiz